[Event "Centelles op B"]
[Site "Centelles"]
[Date "1996.10.19"]
[Round "7"]
[White "Ferraz Falco, Francesco"]
[Black "Estrach Reixach, Lluis"]
[Result "1-0"]
[WhiteElo "1900"]
[BlackElo "1865"]
[PlyCount "63"]
[EventDate "1996.09.07"]
[EventType "swiss"]
[EventRounds "8"]
[EventCountry "ESP"]
[SourceTitle "EXT 2003"]
[Source "ChessBase"]
[SourceDate "2002.11.25"]
[SourceVersion "1"]
[SourceVersionDate "2002.11.25"]
[SourceQuality "1"]

1. c4 Nf6 2. Nc3 e6 3. g3 d5 4. cxd5 exd5 5. e3 c6 6. Nf3 Bd6 7. Bg2 Bg4 8. 0-0 Nbd7 9. d4 Ne4 10. Qb3 Bxf3 11. Bxf3 Ng5 12. Bg2 Rb8 13. e4 Nxe4 14. Re1 0-0 15. Nxe4 dxe4 16. Bxe4 Re8 17. f3 Nf6 18. Bg5 h6 19. Bxf6 Qxf6 20. Rad1 Bc7 21. Kg2 Bb6 22. d5 cxd5 23. Rxd5 Re7 24. Red1 g6 25. Rd6 Re6 26. Rxe6 fxe6 27. Rd7 Kh8 28. Qc2 g5 29. g4 Rd8 30. Rxb7 Qf4 31. Bd5 Kg8 32. Qh7+ 1-0

[Event "Centelles op B"]
[Site "Centelles"]
[Date "1996.10.12"]
[Round "6"]
[White "Cubiles Rayas, Ivan"]
[Black "Ferraz Falco, Francesco"]
[Result "0-1"]
[WhiteElo "1855"]
[BlackElo "1900"]
[PlyCount "74"]
[EventDate "1996.09.07"]
[EventType "swiss"]
[EventRounds "8"]
[EventCountry "ESP"]
[SourceTitle "EXT 2003"]
[Source "ChessBase"]
[SourceDate "2002.11.25"]
[SourceVersion "1"]
[SourceVersionDate "2002.11.25"]
[SourceQuality "1"]

1. e4 e6 2. d4 d5 3. e5 c5 4. c3 Nc6 5. Nf3 Bd7 6. Bd3 cxd4 7. cxd4 Nge7 8. a3 Ng6 9. 0-0 Be7 10. Nc3 a6 11. Qe2 Na5 12. Be3 b5 13. Nd2 0-0 14. f4 f5 15. g4 Bc6 16. g5 Nc4 17. Rab1 Qd7 18. Kf2 Ncxe5 19. fxe5 f4 20. Kg1 fxe3 21. Qxe3 Nh4 22. Nf3 Nxf3+ 23. Rxf3 Rxf3 24. Qxf3 Bxg5 25. Rf1 Qe7 26. Qh5 Bh6 27. Kh1 Be8 28. Qh3 Bg6 29. Bxg6 hxg6 30. Rg1 g5 31. Qg4 Rf8 32. Ne2 Rf2 33. b4 Qf7 34. Rg2 Rf1+ 35. Ng1 Rf4 36. Qe2 Rxd4 37. Qc2 Rf4 0-1

[Event "Centelles op B"]
[Site "Centelles"]
[Date "1996.09.28"]
[Round "4"]
[White "Requesens Burzon, Jordi"]
[Black "Ferraz Falco, Francesco"]
[Result "0-1"]
[WhiteElo "1845"]
[BlackElo "1900"]
[PlyCount "68"]
[EventDate "1996.09.07"]
[EventType "swiss"]
[EventRounds "8"]
[EventCountry "ESP"]
[SourceTitle "EXT 2003"]
[Source "ChessBase"]
[SourceDate "2002.11.25"]
[SourceVersion "1"]
[SourceVersionDate "2002.11.25"]
[SourceQuality "1"]

1. Nf3 e6 2. c4 Nf6 3. b3 c6 4. Bb2 d5 5. e3 Nbd7 6. Be2 b6 7. 0-0 Bb7 8. d4 Bd6 9. Nbd2 0-0 10. Rc1 Qe7 11. h3 Rfe8 12. Qc2 c5 13. dxc5 bxc5 14. Bd3 Rac8 15. Qb1 e5 16. cxd5 Bxd5 17. e4 Bb7 18. Nc4 Rcd8 19. Rfd1 Nh5 20. Nxd6 Qxd6 21. Bb5 Qe7 22. Bxd7 Rxd7 23. Rxd7 Qxd7 24. Rxc5 f6 25. Qc2 Nf4 26. Rc7 Bxe4 27. Rxd7 Bxc2 28. Rxa7 Rd8 29. Rc7 Be4 30. Bc1 Nxh3+ 31. gxh3 Bxf3 32. b4 f5 33. Bg5 Rd1+ 34. Kh2 f4 0-1

[Event "Centelles op B"]
[Site "Centelles"]
[Date "1996.09.14"]
[Round "2"]
[White "Urena Casacuberta, Lluis"]
[Black "Ferraz Falco, Francesco"]
[Result "1-0"]
[WhiteElo "1820"]
[BlackElo "1900"]
[PlyCount "55"]
[EventDate "1996.09.07"]
[EventType "swiss"]
[EventRounds "8"]
[EventCountry "ESP"]
[SourceTitle "EXT 2003"]
[Source "ChessBase"]
[SourceDate "2002.11.25"]
[SourceVersion "1"]
[SourceVersionDate "2002.11.25"]
[SourceQuality "1"]

1. e4 e6 2. d4 d5 3. exd5 exd5 4. Nf3 Nf6 5. Bd3 Be7 6. Nc3 Nbd7 7. 0-0 b6 8. Bb5 0-0 9. Bc6 Rb8 10. Nxd5 Nxd5 11. Bxd5 Nf6 12. Bb3 Bg4 13. c3 Bd6 14. Bg5 h6 15. Bh4 Bf4 16. Qd3 Qd6 17. Bg3 Nh5 18. Bc2 g6 19. Rae1 Bf5 20. Qd1 Bg4 21. Bxf4 Nxf4 22. Re5 Ne6 23. h3 Bxf3 24. Qxf3 Rbe8 25. Qe3 Kh7 26. g3 Qd7 27. Rh5 Ng5 28. Qxg5 1-0